Online
Catalog

Banderas y escudos del mundo / (Record no. 50731)

MARC details
000 -CABECERA
campo de control de longitud fija 00742nam a2200193 a 4500
003 - IDENTIFICADOR DEL NÚMERO DE CONTROL
campo de control DO-SdBNP
005 - FECHA Y HORA DE LA ÚLTIMA TRANSACCIÓN
campo de control 20211012095247.0
007 - CAMPO FIJO DE DESCRIPCIÓN FÍSICA--INFORMACIÓN GENERAL
campo de control de longitud fija ta
008 - DATOS DE LONGITUD FIJA--INFORMACIÓN GENERAL
campo de control de longitud fija 211012e1986 sp a|||gre||| 001 0 spa d
040 ## - FUENTE DE LA CATALOGACIÓN
Centro catalogador/agencia de origen DO-SdBNP
Lengua de catalogación spa
Centro/agencia transcriptor BNPHU
082 #4 - NÚMERO DE LA CLASIFICACIÓN DECIMAL DEWEY
Número de edición 22
Número de documento/Ítem A322b
Número de clasificación 923.92
100 1# - ENTRADA PRINCIPAL--NOMBRE DE PERSONA
9 (RLIN) 42868
Nombre de persona Álvarez del Real, María Eloisa
245 10 - MENCIÓN DE TÍTULO
Título Banderas y escudos del mundo /
Resto del título María Eloísa Alvarez del Real
260 ## - PUBLICACIÓN, DISTRIBUCIÓN, ETC.
Lugar de publicación, distribución, etc. España :
Nombre del editor, distribuidor, etc. Editorial América,
-- easa,
Fecha de publicación, distribución, etc. 1986.
300 ## - DESCRIPCIÓN FÍSICA
Extensión 272 p. :
Otras características físicas il., maps ;
Dimensiones 20 cm
500 ## - NOTA GENERAL
Nota general Enciclopedia gráfica práctica, útil, única en su clase. Con la historia y la evolución de los Emblemas Nacionales. Información básica sobre cada Nación del mundo.
590 ## - NOTA LOCAL (RLIN)
Nota local Invnetariado 2021 / MF
942 ## - ELEMENTOS DE PUNTO DE ACCESO ADICIONAL (KOHA)
Fuente del sistema de clasificación o colocación Dewey Decimal Classification
Tipo de ítem Koha Libro
Holdings
Estado de retiro Estado de pérdida Fuente del sistema de clasificación o colocación Restricciones de uso No para préstamo Código de colección Localización permanente Ubicación/localización actual Ubicación en estantería Fecha de adquisición Total de préstamos Signatura topográfica completa Código de barras Fecha visto por última vez Precio válido a partir de Tipo de ítem Koha
    Dewey Decimal Classification Excluido de préstamo   Monografías: Libros y Folletos Biblioteca Nacional Pedro Henríquez Ureña Patrimonio Dominicano Depósito 12.10.2021   A322b 2021-27304 12.10.2021 12.10.2021 Libro

Powered by Koha